| Tag |
First Indicator |
Second Indicator |
Subfields |
| LEADER |
00000cam a2200000Ia 4500 |
| 001 |
in00001753667 |
| 005 |
20151025054139.0 |
| 008 |
030513s1956 ru a 000 0 rusr |
| 010 |
|
|
|a 59045166
|
| 035 |
|
|
|a (OCoLC)ocm52230858
|
| 040 |
|
|
|a DLC
|c TXA
|d UtOrBLW
|
| 049 |
|
|
|a TXAM
|
| 050 |
0 |
0 |
|a TA710
|b .M64
|
| 090 |
|
|
|a TA710.5
|b .R85 1956
|
| 245 |
0 |
0 |
|a Rukovodstvo po laboratornomu opredelenii︠u︡ fiziko-mekhanicheskikh kharakteristik gruntov pri ustroĭstve osnovaniĭ sooruzheniĭ /
|c [nauchnyĭ red. N.V. Laletin].
|
| 264 |
|
1 |
|a Moskva :
|b Gosudarstvennoe izd-vo lit-ry po stroitelʹstvu i arkhitekture,
|c 1956.
|
| 300 |
|
|
|a 75 pages :
|b illustrations ;
|c 22 cm.
|
| 336 |
|
|
|a text
|b txt
|2 rdacontent
|
| 337 |
|
|
|a unmediated
|b n
|2 rdamedia
|
| 338 |
|
|
|a volume
|b nc
|2 rdacarrier
|
| 500 |
|
|
|a At head of title: Ministerstvo stroitelʹstva SSSR. Trudy Nauchno-issledovatelʹskogo instituta osnovaniĭ i gruntov.
|
| 650 |
|
0 |
|a Soil mechanics
|v Laboratory manuals.
|
| 700 |
1 |
|
|a Laletin, N. V.
|
| 710 |
2 |
|
|a Nauchno-issledovatelʹskiĭ institut osnovaniĭ i fundamentov (Soviet Union)
|
| 948 |
|
|
|a cataloged
|b h
|c 2003/5/13
|d c
|e tchubaryan
|f 11:15:06 am
|
| 949 |
|
|
|a updated
|b h
|c 2003/5/13
|e tchubaryan
|f 11:15:11 am
|
| 994 |
|
|
|a E0
|b TXA
|
| 999 |
|
|
|a MARS
|
| 999 |
f |
f |
|s 945b9ab9-3b66-361b-958c-06964520bfc3
|i 92cfc713-edc6-3345-ad7f-38ea04b28edc
|t 0
|
| 952 |
f |
f |
|p ric
|a Texas A&M University
|b Rellis Campus
|c Joint Library Facility
|d Remote Storage
|t 0
|e TA710.5 .R85 1956
|h Library of Congress classification
|i unmediated -- volume
|m A14830105154
|
| 998 |
f |
f |
|a TA710.5 .R85 1956
|t 0
|l Remote Storage
|